01016nam a2200205 a 450000100100000000500170001000800410002702000140006804000250008208200150010710000330012224501820015526001530033730000200049050000420051004900090055295201130056195201190067499900170079300001366020200929163313.0091127s1997 dr 000 0 spa d a489548323 aDO-SdBNPbspacBNPHU axxxbD542o1 aDíaz Santana, Miriam9962014aLas organizaciones no gubernamentales y su incidencia en las áreas :bmenores en circunstacias difíciles generación de empleo y pobreza crítica /cMirian Díaz Santana. aSanto Domingo :bPontificia Universidad Católica Madre Y Maestra (PUCNMM)bCentro Universitario de Estudios Políticos y Sociales (CUEPS),c1997. a62 p. ;c21 cm. aIncluye notas al pie de las páginas aBNPD 0010718PDaPDbPDcCTd2009-11-27iLF1l0oxxx D542op13660-10r2020-06-25w2020-06-25yLFPDZNo se presta 0010718PDaPDbPDcCTd2009-11-27iLF1l0oxxx D542op13660-20r2020-06-25te. 2w2020-06-25yLFPDZNo se presta c13274d13274